000 00940nam a2200289 4500
999 _c22246
_d22246
001 2203838
003 BDDh-ASL
005 20231015030115.0
008 740126s1973 ii b b 000 0 eng
010 _a 73903941
040 _aDLC
_cDLC
_dDLC
_dBDDh-ASL
043 _aa-ii---
_ae-uk---
_aa-tu---
050 0 0 _aD376.G7
_bS5 1973
082 0 0 _a327.4205
_bRAB
100 1 _aShukla, Ram Lakhan,
_d1938-
245 1 0 _aBritain, India, and the Turkish Empire, 1853-1882 /
260 _aNew Delhi :
_bPeople's Pub. House,
_c[1973]
300 _axi, 262 p. :
_bcol. maps.
_c22 cm.
350 _aRs30.00
500 _aA revision of the author's thesis, Patna University, 1968.
504 _aBibliography: p. [243]-249.
650 0 _aEastern question.
651 0 _aGreat Britain
_xForeign relations
_y1837-1901.
651 0 _aIndia
_xHistory
_y19th century.
906 _a7
_bcbc
_corignew
_d4
_encip
_f19
_gy-gencatlg
942 _2ddc
_cBK